000 00803nab a2200241 u 4500
001 12211
003 HDC
007 cr bn ---aaaaa
008 210209b2015mmddcy d||no |||| 00| 0 eng d
040 _aHDC
245 0 _aGULFOOD 2015 will host the World Food Security Summit /
_cFinancial Mirror
260 _aCyprus:
_bFinancial Mirror,
_c2015
300 _a1 online resource
336 _atext
_2rdacontent
337 _acomputer
_2rdamedia
338 _aonline resource
_2rdacarrier
650 _aFood industry
_xConference
_912686
710 _aFinancial Mirror
856 _zRequest full-text at [email protected]
942 _2lcc
942 _cNEWS
942 _kNWSO 000747
999 _c9534
_d9534